L'Obra financera de la Generalitat de Catalunya / discurs pronunciat per l'Honorable Sr. Conseller de Finances Josep Tarradellas al Parlament de Catalunya en la seva sessió del 1r de març del 1938
Descripción Física:
58 p. ; 28 cm
MARC
| LEADER | 00000nam a2200000Ia 4500 | ||
|---|---|---|---|
| 001 | 14108 | ||
| 008 | 160829s1938 xx 000 0 cat d | ||
| 080 | |a M-4-123 | ||
| 100 | |a Tarradellas, Josep, |d 1899-1988 |9 25479 | ||
| 245 | |a L'Obra financera de la Generalitat de Catalunya / discurs pronunciat per l'Honorable Sr. Conseller de Finances Josep Tarradellas al Parlament de Catalunya en la seva sessió del 1r de març del 1938 | ||
| 260 | |a Barcelona : |b Generalitat de Catalunya, |c 1938 | ||
| 300 | |a 58 p. ; |c 28 cm | ||
| 610 | 1 | 0 | |a Catalunya. |b Generalitat |9 12125 |
| 650 | 0 | |a Finances públiques |z Catalunya |9 54043 |x Història | |
| 710 | 1 | |a Catalunya. |b Generalitat |9 12125 | |
| 901 | |a Arxiu | ||
| 942 | |n 1 |2 udc | ||
| 952 | |0 0 |1 0 |4 0 |6 M4123 |7 1 |9 43636 |a Arxiu |b Arxiu |d 2016-12-01 |l 0 |o M-4-123 |p 14108 |r 2016-12-01 00:00:00 |w 2016-12-01 |y ARXIU | ||
| 999 | |c 46184 |d 46184 | ||